000 01637cam a22004217a 4500
003 CHAP
005 20220329142824.0
008 040524s2004 mx d r 00010 spa d
010 _a88301
011 _a89273
035 _a99824
040 _cCHAP
090 _aTesis
100 0 0 _aDíaz Barriga Peña, Juan Pablo.
_933373
245 1 0 _aAnálisis del clima organizacional de la empresa empacadora de productos carnicos Susazon S. A. de C. V.
_c/por Juan Pablo Díaz Barriga Peña
260 _aChapingo, Méx. :
_bEl autor,
_c2004
300 _a75 h. :
_bgráfs. ; cuadros ; organigrama
502 _aTesis (Lic. en Administración de Empresas Agropecuarias) -- UACH. División de Ciencias Económico Administrativas
530 _aTambién disponible en línea
590 _aALEPH
_b10
_c20130110
_lUCH01
_h1457
590 _aBATCH-UPD
_b10
_c20130110
_lUCH01
_h0837
590 _aBATCH-UPD
_b10
_c20130410
_lUCH01
_h0515
590 _aBATCH-UPD
_b10
_c20130914
_lUCH01
_h0848
590 _aBATCH-UPD
_b10
_c20140324
_lUCH01
_h1443
590 _aBATCH-UPD
_b10
_c20141002
_lUCH01
_h0821
590 _aCONVERSION
_b10
_c20130109
_lUCH01
_h1349
650 1 4 _aCarne
_xSubproductos.
_919111
650 1 4 _aEmpacadoras.
_936537
650 1 4 _aEmpresas agropecuarias.
_936649
650 1 4 _aEmpresas.
_936635
650 1 4 _aOrganización.
_983533
856 _3Finding aid
_uhttp://10.13.5.2/tesis/99824.pdf
_zTeclea aqui
901 _aBK
905 _aMarco A. Mendoza T.
942 _cFOLL
949 _aTesis
_bBC
_cTES
_d33724000909685
_eTS2
_fc.2
_gDonaciØn
_h41826
_i99824
_sb
949 _aTesis
_bBC
_cTES
_d998241
_eTS1
_gDonaciØn
_h41825
_i99824
_sb
999 _c88301
_d88301